| 000 | 00460nam a2200157Ia 4500 | ||
|---|---|---|---|
| 999 |
_c184 _d184 |
||
| 020 | _a0-8096-1849-4 | ||
| 082 | _aRR 808.882 VOS-Q | ||
| 100 | _aVoss, Carl Herman; | ||
| 245 | 0 | _aQuotations of courage and vision: a source book for speaking,writing and meditat | |
| 260 |
_aNew York _bAssociation Press _c1972 |
||
| 300 | _a270p. | ||
| 504 | _aIncludes authors index | ||
| 650 | _aCourage and vision - Quotations | ||
| 650 | _aQuotations, English | ||
| 942 | _cBK | ||